Socrates /

Guardado en:
Autor Principal: Mondolfo, Rodolfo
Formato: Libro
Publicado: Buenos Aires : Eudeba, 1968
Edición:6a. ed.
Materias:
Etiquetas: Agregar Etiqueta
Sin Etiquetas, Sea el primero en etiquetar este registro!
LEADER 00641nam a22002175a 4500
001 CEM.cems004489
005 20060216000000.0
008 130507s1968##################000#0#####d
003 CEMS
082 0 4 |a 183 
100 1 |a Mondolfo, Rodolfo 
245 1 0 |a Socrates / 
250 |a 6a. ed. 
260 |a Buenos Aires :  |b Eudeba,  |c 1968 
300 |a 151 p. 
653 |a Filosofia 
653 |a Filosofia antigua 
653 |a Filosofia socratica 
859 |a CEMS  |b BIB. CEMS - 11 de abril  |h 183  |i M745a6  |p 236.73  |t Ej.3 
859 |a CEMS  |b BIB. CEMS - 11 de abril  |h 183  |i M745a6  |p 260.73  |t Ej.2 
859 |a CEMS  |b BIB. CEMS - 11 de abril  |h 183  |i M745a6  |p 484.73  |t Ej.1